Statistics for Adelaide Train Network Map

Click here to take the quiz!

General Stats

  • This quiz has been taken 276 times
    (52 since last reset)
  • The average score is 55 of 89

Answers on the Map

Answers color-coded by a green-red scale on the quiz's map according to % correct below.
 

Answer Stats

Station% Correct
Belair
90%
Adelaide
87%
Gawler
87%
North Adelaide
87%
Seaford
87%
Grange
77%
Marion
77%
Mile End
77%
Outer Harbor
77%
Port Adelaide
77%
Flinders
74%
Hallett Cove
74%
Tonsley
74%
Adelaide Showground
71%
Blackwood
71%
Croydon
71%
Edwardstown
71%
Elizabeth
71%
Emerson
71%
Hove
71%
Mitcham
71%
Oaklands
71%
Seaford Meadows
71%
Woodville
71%
Brighton
68%
Christie Downs
68%
Gawler Central
68%
Goodwood
68%
Hallett Cove Beach
68%
Marino
68%
Mitchell Park
68%
Salisbury
68%
Ascot Park
65%
Islington
65%
Lonsdale
65%
Marino Rocks
65%
Noarlunga Centre
65%
Taperoo
65%
Woodlands Park
65%
Alberton
61%
Coromandel
61%
Kilburn
61%
Lynton
61%
Ovingham
61%
Seacliff
61%
Warradale
61%
West Croydon
61%
Dry Creek
58%
Eden Hills
58%
Evanston
58%
Gawler Oval
58%
Largs
58%
Mawson Interchange
58%
Bowden
55%
Cheltenham
55%
Clarence Park
55%
Elizabeth South
55%
Kilkenny
55%
Largs North
55%
Munno Para
55%
Parafield
55%
Peterhead
55%
Smithfield
55%
Unley Park
55%
Woodville Park
55%
Albert Park
52%
Chidda
52%
Dudley Park
52%
East Grange
52%
Ethelton
52%
Glanville
52%
Glenalta
52%
Greenfields
52%
Kudla
52%
Millswood
52%
North Haven
52%
Osborne
52%
Parafield Gardens
52%
Pinera
52%
St Clair
52%
Tambelin
52%
Torrens Park
52%
Broadmeadows
48%
Midlunga
48%
Nurlutta
48%
Seaton Park
48%
Womma
48%
Draper
45%
Gawler Racecourse
39%

Score Distribution

Percentile by Number Answered

Percent of People with Each Score

Your Score History

You have not taken this quiz since the last reset